| 000 | 01198nam a22003011a 4500 | ||
|---|---|---|---|
| 001 | 44356 | ||
| 003 | BD-RjUL | ||
| 005 | 20211209053837.0 | ||
| 008 | 760107s1926 enkab b 001 0 eng | ||
| 035 | _a(BD-RjUL)44474 | ||
| 040 |
_aDLC _cTxCM _dOCoLC _dDLC _dBD-RjUL _beng |
||
| 041 | 1 |
_aeng _hfre |
|
| 082 |
_223 _a301 _bMOF 1926 |
||
| 100 | 1 |
_aMoret, Alexandre, _d1868-1938. _9219447 |
|
| 245 | 1 | 0 |
_aFrom Tribe to Empire: _bsocial organization among primitives and in the ancient East / _cby A. Moret and G. Davy ; translated by V. Gordon Childe |
| 260 |
_aLondon, _bK. Paul, Trench, Trübner & Co., ltd.; _aNew York, _bA.A. Knopf, _c1926. |
||
| 300 |
_axxx, 371 p. : _bill. ; _c25 cm. |
||
| 490 | 0 | _aThe history of civilization. Pre-history and antiquity | |
| 504 | _aBibliography: p. 361-364. | ||
| 650 | 0 |
_aPrimitive societies. _9219448 |
|
| 650 | 0 |
_aTotemism. _9219449 |
|
| 650 | 0 |
_aPrehistoric peoples. _9219450 |
|
| 651 | 0 |
_aEgypt _xHistory, Ancient. _9219451 |
|
| 700 | 1 |
_aDavy, Georges, _d1883- _ejoint author. _9219452 |
|
| 700 | 1 |
_aChilde, V. Gordon _q(Vere Gordon), _d1892-1957, _etr. _9219453 |
|
| 830 |
_aThe history of civilization. Pre-history and antiquity _9219537 |
||
| 942 |
_2ddc _cRAR |
||
| 999 |
_c44356 _d44356 |
||